01169 2200409 4500001002100000005001500021035002000036007000300056040001700059245002700076250001100103300003900114020002200153041000800175082001000183090001900193264004600212336002100258337003000279338002300309650002100332700004200353700003500395700004100430850001000471008004100481100003500522084001600557500002600573504002800599990002200627990002200649990002200671990002200693990002200715990002200737INLIS00000000000440120260527123429 a0010-0122000033ta aSBPUPADbInd1 aKerajinan Manik Manik a.-Ed.1 aiv, 44hal. :billus. ;c21x14,8 cm a978-879-1456-14-20 aind a745.5 a004 PRI t L1-3 a.--sleman :bMacana Jaya Cemerlang,c2007 2rdacontentaTeks 2rdamediaaTanpa Perantara 2rdacarrieravolume 4aKerajinan Tangan0 apengarang ke-2 Novi KurniaePengarang0 aeditor, Yuni AstutiePengarang0 aIlustrator,Mayrino SustraePengarang aPUPAD260527 0 0 aDestin Huru SetiatiePengarang a745.5 DES k aglosarium, halaman 43 abibliografi, halaman 44 a35.743/S/DPK/2021 a35.740/S DPK/2021 a35.742/S DPK/2021 a35.741/S/DPK/2021 a35.742/S DPK/2021 a35.489/S/DPK/2021